Best video games - Statistics

General Stats
  • This quiz has been taken 39 times
  • The average score is 3 of 15
Answer Stats
Answer % Correct
Fortnite
77%
Minecraft
74%
Ur a good man Red dead Redemption 2
54%
GTA V
31%
Elden Ring
14%
Red Dead Redemption 1
14%
God of war
11%
Halo
11%
Mario kart 8 deluxe
3%
Shadow of the Colossus
3%
For Honor
0%
Gears of war
0%
Metro Exodus
0%
MW2
0%
The last of us II
0%
No matching quizzes found
Score Distribution
Percent of People with Each Score
Percentile by Number Answered
Your Score History
You have not taken this quiz